000 01024nam a2200289 i 4500
003 EG-GICUC
005 20260415080100.0
008 260415s1859 fr fr|||| 00| 0 fre d
040 _aEG-GiCUC
_bfre
_cEG-GiCUC
_dEG-GiCUC
_eRda
041 0 _afre
082 0 4 _221
_a343.373
_bBE . T
092 0 4 _221
099 _aLaw1 10 343.373 BE . T 1859
100 1 _aBerriat-Saint-Prix, Ch
_eAuteur
245 1 4 _aDes tribunaux et de la procédure du grand criminel au XVIIIe siècle :
_bjusqu'en 1789 avec des recherches sur la question ou torture /
_cPar Ch. Berriat-Saint-Prix.
264 1 _a Paris :
_bAuguste Aubry, Libraire Éditeur,
_c1859.
300 _a116 page ;
_c 24 cm.
336 _2rda contenu
_a texte
337 _2rda medias
_aOrdinateur
338 _2 transporteur rda
_a Ressource en ligne
546 _aTexte en français
650 1 4 _aDroit pénal
_2qrmak
651 1 _2qrmak
856 4 0 _uhttps://fll.law.cu.edu.eg/fulltext/bks/B10-09506.pdf
905 _a167
_eHassnaa
942 _2ddc
_cBK
_e21
_n0
999 _c70989
_d70989